Structral design in metals (Record no. 11702)

000 -LEADER
fixed length control field 00502nam a22001937a 4500
001 - CONTROL NUMBER
control field 11702
003 - CONTROL NUMBER IDENTIFIER
control field BD-DhUET
008 - FIXED-LENGTH DATA ELEMENTS--GENERAL INFORMATION
fixed length control field 150218b xxu||||| |||| 00| 0 eng d
040 ## - CATALOGING SOURCE
Original cataloging agency DLC
Transcribing agency DLC
Modifying agency BD-DhUET
082 ## - DEWEY DECIMAL CLASSIFICATION NUMBER
Classification number 624.182
Item number WIL/1957
100 ## - MAIN ENTRY--PERSONAL NAME
Personal name Willims, Clifford D.
245 ## - TITLE STATEMENT
Title Structral design in metals
250 ## - EDITION STATEMENT
Edition statement 2nd ed.
260 ## - PUBLICATION, DISTRIBUTION, ETC. (IMPRINT)
Place of publication, distribution, etc. New York
Name of publisher, distributor, etc. Ronald Press
Date of publication, distribution, etc. 1957
300 ## - PHYSICAL DESCRIPTION
Extent viii, 655 p.
Other physical details ill.
Dimensions 17 cm.
650 #0 - SUBJECT ADDED ENTRY--TOPICAL TERM
Topical term or geographic name as entry element Metals Structural Engg
700 ## - ADDED ENTRY--PERSONAL NAME
Personal name Harris, Ernest C.
942 ## - ADDED ENTRY ELEMENTS (KOHA)
Koha item type General Book
Holdings
Source of classification or shelving scheme Sublocation or collection (holding branch) Koha date last seen Shelving location Koha normalized classification for sorting Lost status Price effective from Not for loan Withdrawn status Koha full call number Location (home branch) Damaged status Copy number Date acquired Koha item type Piece designation (barcode)
 Central Library, BUET2015-02-18Circulation section624_182000000000000_WIL_1957 2015-02-18  624.182/WIL/1957Central Library, BUET 12015-02-18General Book61224
 Central Library, BUET2015-02-18Circulation section624_182000000000000_WIL_1957 2015-02-18  624.182/WIL/1957Central Library, BUET 22015-02-18General Book42428
 Central Library, BUET2015-02-18Circulation section624_182000000000000_WIL_1957 2015-02-18  624.182/WIL/1957Central Library, BUET 32015-02-18General Book11560
 Central Library, BUET2015-02-18Circulation section624_182000000000000_WIL_1957 2015-02-18  624.182/WIL/1957Central Library, BUET 42015-02-18General Book61147
 Central Library, BUET2015-05-10Circulation section624_182000000000000_WIL_1957 2015-05-10  624.182/WIL/1957Central Library, BUET 52015-05-10General Book42357
 Central Library, BUET2015-05-12Circulation section624_182000000000000_WIL_1957 2015-05-12  624.182/WIL/1957Central Library, BUET 62015-05-12General Book11559